বাংলা সাহিত্যে নজরুল / (Record no. 76483)
[ view plain ]
| 000 -LEADER | |
|---|---|
| fixed length control field | 01069nam a2200241 a 4500 |
| 001 - CONTROL NUMBER | |
| control field | 76483 |
| 003 - CONTROL NUMBER IDENTIFIER | |
| rucl marc code | BD-RjUL |
| 005 - DATE AND TIME OF LATEST TRANSACTION | |
| control field | 20211209082841.0 |
| 008 - FIXED-LENGTH DATA ELEMENTS--GENERAL INFORMATION | |
| fixed length control field | 191211s1962 ii ||||| |||| 00| 0dben d |
| 020 ## - INTERNATIONAL STANDARD BOOK NUMBER | |
| Terms of availability | : IRs. 10.00 |
| 035 ## - SYSTEM CONTROL NUMBER | |
| System control number | (BD-RjUL)76705 |
| 040 ## - CATALOGING SOURCE | |
| Original cataloging agency | BD-RjUL |
| Language of cataloging | ben |
| Transcribing agency | BD-RjUL |
| Modifying agency | BD-RjUL |
| 041 ## - LANGUAGE CODE | |
| Language code of text/sound track or separate title | ben |
| 082 ## - DEWEY DECIMAL CLASSIFICATION NUMBER | |
| Edition number | 23 |
| Classification number | 891.4409 |
| Author mark and year | KHB 1962 |
| 100 1# - MAIN ENTRY--PERSONAL NAME | |
| Personal name | খান, আজহারউদ্দীন |
| 9 (RLIN) | 236292 |
| 245 10 - TITLE STATEMENT | |
| Title | বাংলা সাহিত্যে নজরুল / |
| Statement of responsibility, etc. | আজহারউদ্দীন খান |
| 250 ## - EDITION STATEMENT | |
| Edition statement | ৪র্থ সং. |
| 260 ## - PUBLICATION, DISTRIBUTION, ETC. (IMPRINT) | |
| Place of publication, distribution, etc. | কলিকাতা : |
| Name of publisher, distributor, etc. | ডি এম লাইব্রেরী, |
| Date of publication, distribution, etc. | ১৯৬২ (আশ্বিন ১৩৬৯) |
| 300 ## - PHYSICAL DESCRIPTION | |
| Pagination | [১৪], ৩৯১, [১] পৃ. ; |
| Size | ২২ সেমি. |
| 600 ## - SUBJECT ADDED ENTRY--PERSONAL NAME | |
| Personal name | ইসলাম, কাজী নজরুল, |
| Dates associated with a name | ১৮৯৯-১৯৭৬ |
| General subdivision | রচনাবলী |
| -- | ইতিহাস ও সমালোচনা |
| Personal name | Islam,Qazi Nazrul, |
| Dates associated with a name | 1899-1976 |
| General subdivision | Collected Works |
| -- | History and Criticism |
| 942 ## - ADDED ENTRY ELEMENTS (KOHA) | |
| Source of classification or shelving scheme | Dewey Decimal Classification |
| Koha item type | Books |
| Lost status | Source of classification or shelving scheme | Damaged status | Not for loan | Collection code | Permanent Location | Current Location | Shelving location | Date acquired | Total Checkouts | Full call number | Date last seen | Date checked out | Copy number | Koha item type |
|---|---|---|---|---|---|---|---|---|---|---|---|---|---|---|
| Dewey Decimal Classification | Fiction | Central Library, University of Rajshahi | Central Library, University of Rajshahi | 11/12/2019 | 1 | B 891.4409 KHB 1962 | 25/07/2022 | 30/06/2022 | C-2 | Books |